<?xml version="1.0" encoding="UTF-8"?>
<record
    xmlns:xsi="http://www.w3.org/2001/XMLSchema-instance"
    xsi:schemaLocation="http://www.loc.gov/MARC21/slim http://www.loc.gov/standards/marcxml/schema/MARC21slim.xsd"
    xmlns="http://www.loc.gov/MARC21/slim">

  <leader>00857nam a2200241 a 4500</leader>
  <controlfield tag="001">891</controlfield>
  <controlfield tag="003">CDMR</controlfield>
  <controlfield tag="005">20131204101440.0</controlfield>
  <controlfield tag="008">130130s1982||||||||||||||||||||||||||||d</controlfield>
  <datafield tag="020" ind1=" " ind2=" ">
    <subfield code="a">8436801849</subfield>
  </datafield>
  <datafield tag="040" ind1=" " ind2=" ">
    <subfield code="a">CDMR</subfield>
    <subfield code="b">cat</subfield>
    <subfield code="c">CDMR</subfield>
  </datafield>
  <datafield tag="100" ind1="1" ind2=" ">
    <subfield code="a">Righter, Rosemary</subfield>
    <subfield code="9">696</subfield>
  </datafield>
  <datafield tag="245" ind1="1" ind2="3">
    <subfield code="a">El control de la informaci&#xF3;n</subfield>
    <subfield code="b">: pol&#xED;tica, prensa y tercer mundo</subfield>
    <subfield code="c">Rosemary Righter</subfield>
  </datafield>
  <datafield tag="246" ind1=" " ind2=" ">
    <subfield code="a">Whose news?</subfield>
    <subfield code="b">: Politics, the Press and the Third World</subfield>
  </datafield>
  <datafield tag="260" ind1=" " ind2=" ">
    <subfield code="a">Madrid</subfield>
    <subfield code="c">1982</subfield>
    <subfield code="b">Pir&#xE1;mide</subfield>
  </datafield>
  <datafield tag="300" ind1=" " ind2=" ">
    <subfield code="a">247 p.</subfield>
  </datafield>
  <datafield tag="490" ind1="0" ind2=" ">
    <subfield code="a">Medios (Pir&#xE1;mide)</subfield>
  </datafield>
  <datafield tag="650" ind1="0" ind2="4">
    <subfield code="9">4427</subfield>
    <subfield code="a">Mitjans de comunicaci&#xF3; de massa en el desenvolupament comunitari</subfield>
  </datafield>
  <datafield tag="650" ind1="0" ind2="4">
    <subfield code="9">4405</subfield>
    <subfield code="a">Mitjans de comunicaci&#xF3; de massa</subfield>
    <subfield code="z">Pa&#xEF;sos en vies de desenvolupament</subfield>
  </datafield>
  <datafield tag="650" ind1="0" ind2="4">
    <subfield code="9">3243</subfield>
    <subfield code="a">Mitjans de comunicaci&#xF3; de massa</subfield>
    <subfield code="x">Manipulaci&#xF3;</subfield>
  </datafield>
  <datafield tag="650" ind1="0" ind2="4">
    <subfield code="9">4364</subfield>
    <subfield code="a">Pol&#xED;tica de la comunicaci&#xF3;</subfield>
  </datafield>
  <datafield tag="942" ind1=" " ind2=" ">
    <subfield code="c">MON</subfield>
    <subfield code="2">udc</subfield>
  </datafield>
  <datafield tag="999" ind1=" " ind2=" ">
    <subfield code="c">891</subfield>
    <subfield code="d">891</subfield>
  </datafield>
  <datafield tag="952" ind1=" " ind2=" ">
    <subfield code="0">0</subfield>
    <subfield code="1">0</subfield>
    <subfield code="4">0</subfield>
    <subfield code="7">0</subfield>
    <subfield code="a">CDMR</subfield>
    <subfield code="b">CDMR</subfield>
    <subfield code="d">2013-01-16</subfield>
    <subfield code="l">0</subfield>
    <subfield code="o">Cc 5/38</subfield>
    <subfield code="p">CDMR1312613322</subfield>
    <subfield code="r">2013-01-16</subfield>
    <subfield code="w">2013-01-16</subfield>
    <subfield code="y">MON</subfield>
  </datafield>
</record>
